| 000 | 01293nam a2200325Ia 4500 | ||
|---|---|---|---|
| 001 | ebr10399025 | ||
| 003 | CaPaEBR | ||
| 006 | m u | ||
| 007 | cr cn||||||||| | ||
| 008 | 100430s2010 caua sb 001 0 eng d | ||
| 010 | _z 2010018699 | ||
| 020 | _z9780470420836 (hardback) | ||
| 040 |
_aCaPaEBR _cCaPaEBR |
||
| 035 | _a(OCoLC)656883628 | ||
| 050 | 1 | 4 |
_aHF5549.5.T7 _bC58976 2010eb |
| 082 | 0 | 4 |
_a658.3/124 _222 |
| 100 | 1 |
_aCombs, Wendy L., _d1965- |
|
| 245 | 1 | 0 |
_aDemystifying technical training _h[electronic resource] : _bpartnership, strategy, and execution / _cWendy L. Combs and Bettina M. Davis. |
| 260 |
_aSan Francisco : _bPfeiffer, _cc2010. |
||
| 300 |
_axxviii, 324 p. : _bill. |
||
| 504 | _aIncludes bibliographical references and index. | ||
| 533 |
_aElectronic reproduction. _bPalo Alto, Calif. : _cebrary, _d2010. _nAvailable via World Wide Web. _nAccess may be limited to ebrary affiliated libraries. |
||
| 650 | 0 |
_aEmployees _xTraining of. |
|
| 650 | 0 | _aTechnical education. | |
| 650 | 0 | _aOccupational training. | |
| 655 | 7 |
_aElectronic books. _2local |
|
| 700 | 1 |
_aDavis, Bettina M., _d1967- |
|
| 710 | 2 | _aebrary, Inc. | |
| 856 | 4 | 0 |
_uhttp://site.ebrary.com/lib/rucke/Doc?id=10399025 _zAn electronic book accessible through the World Wide Web; click to view |
| 999 |
_c94652 _d94652 |
||